000 00218nam a2200085Ia 4500
245 0 _aThe return
100 _a HISLOP, Victoria Leicester, 2009
_978556
942 _cBK
008 210819s9999 xx 000 0 und d
999 _c271746
_d271745